Statistics for Spelling for beginners

Click here to take the quiz!

General Stats

  • This quiz has been taken 25 times
  • The average score is 5 of 9

Answer Stats

WrongRight% Correct
knofeknife
87%
qoickquick
87%
paporpaper
83%
goudgood
78%
maydmade
74%
wuudwood
70%
edotedit
39%
adtart
13%
ereeye
9%

Score Distribution

Percentile by Number Answered

Percent of People with Each Score

Your Score History

You have not taken this quiz